000 00488nam a2200169Ia 4500
008 090711s9999 xx 000 0 und d
082 _b57620
100 _aबर्वे राजेंद्र
245 _aस्कायलॅब
260 _c1986
300 _a133
600 _aबर्वे राजेंद्र
630 _aस्कायलॅब
700 _aबर्वे राजेंद्र
730 _aस्कायलॅब
942 _cBOOK
999 _c303359
_d303359